Somwarwar Prem Karaa Aani Tarunpani Nivrutta Whaa /

Bibliographic Details
Main Author: Sharma, Siddhartha, (Author)
Format: eBook
Language:English
Published: New Delhi, India : SAGE Publications, [2017]
Subjects:
Online Access:Click to View
LEADER 01548nam a2200385 i 4500
001 EBC5320715
003 MiAaPQ
005 20220525073654.0
006 m o d |
007 cr cnu||||||||
008 220525s2017 xx o 000 0 eng d
020 |a 9789386602466  |q (electronic bk.) 
020 |z 9789386446381  |q (print) 
035 |a (MiAaPQ)EBC5320715 
035 |a (Au-PeEL)EBL5320715 
035 |a (CaPaEBR)ebr11524536 
035 |a (OCoLC)988219928 
040 |a MiAaPQ  |b eng  |e rda  |e pn  |c MiAaPQ  |d MiAaPQ 
050 4 |a HF5001  |b .S537 2017 
082 0 |a 650  |2 23 
100 1 |a Sharma, Siddhartha,  |e author. 
245 1 0 |a Somwarwar Prem Karaa Aani Tarunpani Nivrutta Whaa /  |c Siddhartha Sharma. 
264 1 |a New Delhi, India :  |b SAGE Publications,  |c [2017] 
264 4 |c Ã2017 
300 |a 1 online resource (327 pages) 
336 |a text  |b txt  |2 rdacontent 
337 |a computer  |b c  |2 rdamedia 
338 |a online resource  |b cr  |2 rdacarrier 
588 |a Description based on print version record. 
590 |a Electronic reproduction. Ann Arbor, MI : ProQuest, 2018. Available via World Wide Web. Access may be limited to ProQuest affiliated libraries. 
650 0 |a Business  |x Societies, etc. 
655 4 |a Electronic books. 
776 0 8 |i Print version:  |a Sharma, Siddhartha.  |t Somwarwar Prem Karaa Aani Tarunpani Nivrutta Whaa.  |d New Delhi, India : SAGE Publications, c2017   |h 327 pages   |z 9789386446381  
797 2 |a ProQuest (Firm) 
856 4 0 |u https://ebookcentral.proquest.com/lib/matrademy/detail.action?docID=5320715  |z Click to View